| 000 -LEADER |
| fixed length control field |
00515nam a22001697a 4500 |
| 005 - DATE AND TIME OF LATEST TRANSACTION |
| control field |
20231010094733.0 |
| 008 - FIXED-LENGTH DATA ELEMENTS--GENERAL INFORMATION |
| fixed length control field |
231010s1960 enk||||| |||| 00| 0 eng d |
| 041 ## - LANGUAGE CODE |
| Language code of text/sound track or separate title |
eng |
| 080 ## - UNIVERSAL DECIMAL CLASSIFICATION NUMBER |
| Universal Decimal Classification number |
902/904 K-42 |
| 100 ## - MAIN ENTRY--PERSONAL NAME |
| Personal name |
KHAN, DR. F. A. |
| 9 (RLIN) |
20045 |
| 245 ## - TITLE STATEMENT |
| Title |
Preliminary Report on Kot Diji Excavations 1957-58 / |
| Statement of responsibility, etc. |
F. A. KHAN. |
| 264 ## - PRODUCTION, PUBLICATION, DISTRIBUTION, MANUFACTURE, AND COPYRIGHT NOTICE |
| Place of production, publication, distribution, manufacture |
Karachi, |
| Date of production, publication, distribution, manufacture, or copyright notice |
1960. |
| 300 ## - PHYSICAL DESCRIPTION |
| Extent |
20 p.: |
| Other physical details |
ill.; |
| Dimensions |
25 cm. |
| 653 ## - INDEX TERM--UNCONTROLLED |
| keyword |
კოტ დიჯის გათხრები |
| 653 ## - INDEX TERM--UNCONTROLLED |
| keyword |
არქეოლოგია |
| 942 ## - ADDED ENTRY ELEMENTS (KOHA) |
| Source of classification or shelving scheme |
|
| Koha item type |
წიგნი |